Readings in applied English linguistics

保存先:
書誌詳細
第一著者: Harold B Allen
フォーマット: 図書
言語:Undetermined
出版事項: New York Appleton-Century-Crofts 1964
主題:
タグ: タグ追加
タグなし, このレコードへの初めてのタグを付けませんか!
Thư viện lưu trữ: Trung tâm Học liệu Trường Đại học Cần Thơ
LEADER 00524nam a2200181Ia 4500
001 CTU_43981
008 210402s9999 xx 000 0 und d
082 |a 808.042 
082 |b A426 
100 |a Harold B Allen 
245 0 |a Readings in applied English linguistics 
245 0 |c Harold B Allen 
260 |a New York 
260 |b Appleton-Century-Crofts 
260 |c 1964 
650 |a english language - rhetoric,technical writing 
904 |i Minh, 011017 
980 |a Trung tâm Học liệu Trường Đại học Cần Thơ